| 000 | 00818nam a2200241 i 4500 | ||
|---|---|---|---|
| 001 | 65021 | ||
| 003 | ES-MaACL | ||
| 005 | 20230906165300.0 | ||
| 007 | t| | ||
| 008 | 040108s1963 sp ||||1| spa d | ||
| 100 | 1 |
_aFrank, Isaiah. _952305 |
|
| 245 | 1 | 3 |
_aEl mercado común europeo / _cIsaiah Frank ; prólogo y supervisión por Salvador Millet y Bel ; [traducción de Conrado Niell Sureda]. |
| 260 |
_aBarcelona : _bEd. Hispano Europea, _c[1963] |
||
| 300 |
_aXV, 372 p. ; _c24 cm. |
||
| 490 | 1 | _aGalileo | |
| 500 | _aPrecede al tít.: Instituto de Estudios Europeos. | ||
| 700 | 1 |
_aNiell Sureda, Conrado. _985634 |
|
| 700 | 1 |
_aMillet y Bel, Salvador. _981252 |
|
| 710 | 2 |
_aInstituto de Estudios Europeos. _94900 |
|
| 830 | 0 |
_aGalileo _9182278 |
|
| 852 |
_aES-MaACL _jC-22914 _bR.51641 |
||
| 999 |
_c65021 _d65021 |
||